00358nam a2200157Ia 450000100040000000500170000400800410002104100080006208200200007010000240009024500330011426000090014730000280015665000080018465400080019252620260306140524.0260306t2007||||xx |||||||||||||| ||spa|| aESP a123.2bK21 2007 aKant, ImmanueleAUT 0aCrítica de la razón pura c2007 a690 páginas :c21 cm. aGEN aCHU